| 000 | 00736nam a22002057a 4500 | ||
|---|---|---|---|
| 999 |
_c11428 _d11428 |
||
| 003 | AR-CdUCM | ||
| 008 | 190404b ||||| |||| 00| 0 spa d | ||
| 040 |
_aMUNICIPALIDAD PROVINCIAL DEL CUSCO _cBIBLIOTECA MUNICIPAL DEL CUSCO |
||
| 082 |
_a590.97 / _bH37 / 1947 |
||
| 100 |
_aHeliodoro Valle, Rafael _928782 |
||
| 245 | _aAnimales de la América antigua / | ||
| 260 |
_aMéxico : _bSecretaría de Educación Pública, _c1947. |
||
| 300 |
_a89 páginas ; _b19 cm, |
||
| 505 | _aContenido : Presentación -- La llama. Garcilaso de la Vega -- La vicuña. J. J. Tschudi -- La alpaca o paco. José de Acosta ... | ||
| 650 |
_aFauna _925064 |
||
| 650 |
_aPerú _935 |
||
| 650 |
_aAmérica _91348 |
||
| 942 |
_2ddc _cLIBROS |
||
| 945 | _arah | ||